Reflexiones urbanas : (Registro nro. 8073)

Detalles MARC
000 -LEADER
fixed length control field 01808nam a2200301 a 4500
001 - CONTROL NUMBER
control field 000000486
003 - CONTROL NUMBER IDENTIFIER
control field DO-SdBNP
005 - DATE AND TIME OF LATEST TRANSACTION
control field 20170925113804.0
007 - PHYSICAL DESCRIPTION FIXED FIELD--GENERAL INFORMATION
fixed length control field 000000486
008 - FIXED-LENGTH DATA ELEMENTS--GENERAL INFORMATION
fixed length control field 081209s2007 dr a 000 0 spa d
020 ## - INTERNATIONAL STANDARD BOOK NUMBER
International Standard Book Number 9993425702
040 ## - CATALOGING SOURCE
Original cataloging agency BPMSU
Language of cataloging spa
Transcribing agency BPMSU
082 #4 - DEWEY DECIMAL CLASSIFICATION NUMBER
Classification number 711.4
Item number V145r
100 1# - MAIN ENTRY--PERSONAL NAME
Personal name Valdez, Cristóbal
245 10 - TITLE STATEMENT
Title Reflexiones urbanas :
Remainder of title artículos y cartas /
Statement of responsibility, etc. Cristóbal Valdez.
260 ## - PUBLICATION, DISTRIBUTION, ETC. (IMPRINT)
Place of publication, distribution, etc. Santo Domingo :
Name of publisher, distributor, etc. INTEC,
Date of publication, distribution, etc. 2007.
300 ## - PHYSICAL DESCRIPTION
Extent 199 p. :
Other physical details il. ;
Dimensions 23 cm.
505 1# - FORMATTED CONTENTS NOTE
Formatted contents note Prólogo --
Title Artículos. Cirugía urbana dominicana --
-- Cirugía urbana dominicana II --
-- Desarticulación de los servicios de la ciudad --
-- El Parque Independencia: una buena oportunidad --
-- El espacio urbano y el espacio humano I --
-- El espacio urbano y el espacio humano II --
-- Transporte urbano: una solución integral --
-- Sobre el ejercicio profesional --
-- Rápidamente con Cristóbal Valdez. La arquitectura y el Malecón --
-- Por fin ... El Conde Peatonal --
-- Evitemos más ciénagas --
-- Revitalización de centros históricos --
-- Los pasos a desnivel de la 27 de Febrero... el rábano por las hojas otra vez --
-- La ciudad de Santo Domingo en el nuevo milenio. Un sueño posible --
-- Plan para el sector vivienda y asentamientos humanos --
-- Cartas --
-- Charlas, talleres y conferencias.
650 #4 - SUBJECT ADDED ENTRY--TOPICAL TERM
Topical term or geographic name as entry element REHABILITACIÓN URBANA
Geographic subdivision REPÚBLICA DOMINICANA (SANTO DOMINGO)
General subdivision ENSAYOS, CONFERENCIAS, ETC
650 #4 - SUBJECT ADDED ENTRY--TOPICAL TERM
Topical term or geographic name as entry element URBANISMO
Geographic subdivision REPÚBLICA DOMINICANA (SANTO DOMINGO)
General subdivision ENSAYOS, CONFERENCIAS, ETC
650 #4 - SUBJECT ADDED ENTRY--TOPICAL TERM
Topical term or geographic name as entry element PLANIFICACIÓN DE LA CIUDAD
700 12 - ADDED ENTRY--PERSONAL NAME
Personal name Bolívar Díaz, Juan,
Relator term pról.
710 1# - ADDED ENTRY--CORPORATE NAME
Corporate name or jurisdiction name as entry element Instituto Técnologico de Santo Domingo
910 ## - USER-OPTION DATA (OCLC)
User-option data Validado. Control de calidad MFF
942 ## - ADDED ENTRY ELEMENTS (KOHA)
Source of classification or shelving scheme Dewey Decimal Classification
Koha item type Libros
945 ## - LOCAL PROCESSING INFORMATION (OCLC)
a Inventariado / 2017 VM
956 ## - LOCAL ELECTRONIC LOCATION AND ACCESS (OCLC)
Host name VMATEO
Access number 10
Compression information 20150805
Logon BPMSU
Processor of request 00151
Existencias
Withdrawn status Lost status Source of classification or shelving scheme Damaged status Not for loan Collection code Home library Current library Date acquired Source of acquisition Total Checkouts Full call number Barcode Date last seen Price effective from Koha item type Copy number
    Dewey Decimal Classification     Colección Dominicana Biblioteca Pública Metropolitana Salomé Ureña Biblioteca Pública Metropolitana Salomé Ureña 08/05/2015 FUNDI   711.4 V145r BPMET15080060 08/05/2015 08/05/2015 Libros  
    Dewey Decimal Classification     Colección Dominicana Biblioteca Pública Metropolitana Salomé Ureña Biblioteca Pública Metropolitana Salomé Ureña 08/05/2015 FUNDI   711.4 V145r BPMSU15080061 08/05/2015 08/05/2015 Libros e. 2
    Dewey Decimal Classification     Colección Dominicana Biblioteca Pública Metropolitana Salomé Ureña Biblioteca Pública Metropolitana Salomé Ureña 08/05/2015 FUNDI   711.4 V145r BPMSU15080062 08/05/2015 08/05/2015 Libros e. 3